Murder of a chemist
Guardat en:
| Autor principal: | |
|---|---|
| Format: | Llibre |
| Idioma: | anglès |
| Publicat: |
Hamburgo
Albatros
1937
|
| Matèries: | |
| Etiquetes: |
Afegir etiqueta
Sense etiquetes, Sigues el primer a etiquetar aquest registre!
|
MARC
| LEADER | 00000nam a2200000 a 4500 | ||
|---|---|---|---|
| 001 | UCQ3764 | ||
| 003 | CL-VaPUC | ||
| 008 | 980828e19370000GW |||||||||||||||||eng|d | ||
| 082 | 0 | 4 | |a 823 |b BUR |2 21 |
| 100 | 0 | |a Burton, Miles |e author |9 418006 | |
| 245 | 1 | 0 | |a Murder of a chemist |
| 300 | |a 280 p | ||
| 942 | |c BK | ||
| 945 | |d 19980828 00:00:00 |a crobeson | ||
| 260 | |a Hamburgo |b Albatros |c 1937 | ||
| 650 | 0 | |a Novelas inglesas |9 265220 | |
| 650 | 0 | |a Literatura inglesa |9 312907 | |
| 583 | |a last modification |c 19980828 00:00:00 |k Rodrigo Vera | ||
| 999 | |c 274279 |d 274277 | ||
| 952 | |0 0 |1 0 |4 0 |6 823_000000000000000_BUR_1937 |7 0 |8 A |9 310415 |a BIBEDU |b BIBEDU |d 2019-11-20 |i 1457977 |o 823 BUR 1937 |p 1457977 |r 2019-11-20 |w 2019-11-20 |y BK |k LIT | ||